|
|
|
|
| LEADER |
00000nam a2200000Ii 4500 |
| 001 |
DIGCARPAR0003 |
| 003 |
NyNyDIG |
| 006 |
m o d |
| 007 |
cr ||||||||||| |
| 008 |
220615s2019 gt a ob 000 0 spa d |
| 035 |
|
|
|a (OCoLC)1335131125
|
| 040 |
|
|
|a DGITA
|b eng
|e rda
|e pn
|c DGITA
|
| 020 |
|
|
|a 9789929542518
|q edición digital
|q pdf
|
| 020 |
|
|
|a 9789929543102
|q edición digital
|q ePub
|
| 020 |
|
|
|z 9789929542501
|q edición física
|
| 043 |
|
|
|a ncgt---
|
| 050 |
1 |
4 |
|a N7918.G83 ebook
|
| 100 |
1 |
|
|a Gutiérrez Molina, Walter Enrique,
|e author.
|
| 245 |
1 |
0 |
|a Joyas del Nazareno :
|b cinco siglos de Jesús de La Merced en el arte guatemalteco /
|c Walter Enrique Gutiérrez Molina.
|
| 246 |
3 |
0 |
|a Cinco siglos de Jesús de La Merced en el arte guatemalteco
|
| 264 |
|
1 |
|a Ciudad de Guatemala, Guatemala :
|b Editorial Cara Parens de la Universidad Rafael Landívar,
|c 2019.
|
| 300 |
|
|
|a 1 online resource :
|b illustrations.
|
| 336 |
|
|
|a text
|b txt
|2 rdacontent
|
| 337 |
|
|
|a computer
|b c
|2 rdamedia
|
| 338 |
|
|
|a online resource
|b cr
|2 rdacarrier
|
| 347 |
|
|
|a text file
|2 rdaft
|
| 347 |
|
|
|b PDF
|
| 347 |
|
|
|b EPUB
|
| 500 |
|
|
|a "Parroquia Nuestra Señora de La Merced Jesuitas"--Cover.
|
| 504 |
|
|
|a Includes bibliographical references.
|
| 588 |
0 |
|
|a Online resource; title from PDF title page (Digitalia, viewed June 15, 2022)
|
| 600 |
0 |
0 |
|a Jesus Christ
|v Art.
|
| 600 |
0 |
0 |
|a Jesus Christ.
|
| 610 |
2 |
0 |
|a Merced (Church : Guatemala, Guatemala)
|
| 650 |
|
0 |
|a Art.
|
| 650 |
|
0 |
|a Christian art and symbolism
|z Guatemala.
|
| 651 |
|
0 |
|a Guatemala.
|
| 655 |
|
0 |
|a Electronic books.
|
| 791 |
2 |
|
|a Digitalia (Firm),
|e distributor.
|
| 793 |
0 |
|
|g Digitalia eBook Collection:
|a Editorial Cara Parens
|
| 776 |
0 |
8 |
|i Print version:
|a Gutiérrez Molina, Walter Enrique.
|t Joyas del Nazareno.
|d Ciudad de Guatemala, Guatemala :
|b Editorial Cara Parens de la Universidad Rafael Landívar, 2019
|z 9789929542501
|
| 856 |
4 |
0 |
|3 Digitalia Hispánica
|u https://www.digitaliapublishing.com/a/70770/
|
| 910 |
|
|
|a Premium collection: 2022
|